000 00736nam a2200253Ia 4500
003 OSt
005 20220918212530.0
006 a|||||r|||| 00| 0
007 ta
008 220917b |||||||| |||| 00| 0 eng d
024 _a129,225
037 _cTextual
040 _aARTS
_cARTS
_beng
041 _2eng
_aeng
082 _aX.65(P122).N7, L3 (906)
100 _aSamir Amin
_923539
245 0 _aNeo-Colonialism in West Africa tr from the French by Francis Mc Donagh
260 _aNew York
_bMonthly Review Press
_c1973
300 _axviii, 298p.
_ccm.
500 _aBibliography p280-290
650 _aECONOMICS
942 _hX.65(P122).N7, L3 (906)
_cTEXL
_2CC
999 _c252354
_d252354